LEADER 01439nam2-2200457---450- 001 990002793390203316 005 20160916115342.0 035 $a000279339 035 $aUSA01000279339 035 $a(ALEPH)000279339USA01 035 $a000279339 100 $a20060727h1985----km-y0itay0103----ba 101 0 $aita 102 $aIT 105 $aa|||||||001yy 200 1 $a<<1.8.2>>$fredazione di Marina Bertinetti, Lucilla de Lachenal, Beatrice Palma$gtesti di A. Ambrogi...[et al.] 210 $aRoma$cDe Luca$d1985 215 $aXIII, 325-578 p.$cill.$d25 cm 300 $aIn testa al front.: Ministero per i beni culturali e ambientali, Soprintendenza archeologica di Roma 410 0$12001 454 1$12001 461 1$1001000182226$12001 462 $1001000279320 606 0$aSculture$xCollezioni [del] Museo Nazionale Romano 676 $a937.007405632 702 $aBERTINETTI,$bMarina 702 1$aPALMA,$bBeatrice 702 1$aDE LACHENAL,$bLucilla 702 1$aAMBROGI,$bAnnarena 710 02$aMuseo nazionale romano$0172754 801 0$aIT$bsalbc$gISBD 912 $a990002793390203316 951 $aI MU ROM 11/I.8 b$b598 DBC$cI MU 951 $aXI.5.B. 614 1.8.2$b252842 L.M.$cXI.5.B.$d391034 959 $aBK 969 $aUMA 969 $aDBC 979 $aDBC$b90$c20060727$lUSA01$h1311 979 $aALESSANDRA$b90$c20160916$lUSA01$h1153 996 $a1.8.2$91392901 997 $aUNISA LEADER 03198 am 2200829 n 450 001 9910495761503321 005 20200131 010 $a2-11-129464-0 024 7 $a10.4000/books.igpde.10628 035 $a(CKB)4100000011508942 035 $a(FrMaCLE)OB-igpde-10628 035 $a(oapen)https://directory.doabooks.org/handle/20.500.12854/85455 035 $a(PPN)267940289 035 $a(EXLCZ)994100000011508942 100 $a20201015j|||||||| ||| 0 101 0 $afre 135 $auu||||||m|||| 181 $ctxt$2rdacontent 182 $cc$2rdamedia 183 $acr$2rdacarrier 200 10$aPour une histoire de la bureaucratie en France $eTome II /$fGuy Thuillier 210 $aVincennes $cInstitut de la gestion publique et du développement économique$d2020 215 $a1 online resource (350 p.) 225 1 $aHistoire économique et financière - XIXe-XXe 311 $a2-11-092603-1 330 $aPour une histoire de la bureaucratie II permet d?aller plus loin dans l?exploration de cette histoire qui est encore toute neuve. Comment faire apparaître les histoires à naître ? Comment étudier l?avancement, la passion du pouvoir, les échecs, les conflits ? Comment faire l?histoire du vécu, du mouvant, de l?éphémère ? Que peut-on attendre de l?histoire des épouses de fonctionnaires ? Autant de questions auxquelles dans ces vingt-quatre leçons Guy Thuillier tente d?apporter des réponses, mais on est dans un domaine bien incertain. L?histoire de la bureaucratie est une histoire qu?il faut sans cesse compliquer, elle exige de la souplesse, une certaine expérience de l?administration, de l?esprit d?entreprise, du courage - mais l?historien y jouit d?une étonnante liberté de jeu. 606 $aBusiness, Finance 606 $aHistory 606 $ahistoire 606 $abureaucratie 606 $aadministration 606 $afonction publique 606 $ahistorien 606 $adifficulté doctrinale 606 $aingénierie historique 606 $aprobabilisme 606 $afemme fonctionnaire 606 $aarchive 606 $acorps préfectoral 606 $afinance 610 $ahistoire 610 $abureaucratie 610 $aadministration 610 $afonction publique 610 $ahistorien 610 $adifficulté doctrinale 610 $aingénierie historique 610 $aprobabilisme 610 $afemme fonctionnaire 610 $aarchive 610 $acorps préfectoral 610 $afinance 615 4$aBusiness, Finance 615 4$aHistory 615 4$ahistoire 615 4$abureaucratie 615 4$aadministration 615 4$afonction publique 615 4$ahistorien 615 4$adifficulté doctrinale 615 4$aingénierie historique 615 4$aprobabilisme 615 4$afemme fonctionnaire 615 4$aarchive 615 4$acorps préfectoral 615 4$afinance 700 $aThuillier$b Guy$0152835 801 0$bFR-FrMaCLE 906 $aBOOK 912 $a9910495761503321 996 $aPour une histoire de la bureaucratie en France$92847494 997 $aUNINA LEADER 02470nam 22006493 450 001 9910800125003321 005 20240419205035.0 010 $a9781438495323 010 $a1438495323 035 $a(MiAaPQ)EBC30513039 035 $a(Au-PeEL)EBL30513039 035 $a(OCoLC)1411298681 035 $a(CKB)29091782100041 035 $a(Perlego)4167335 035 $a(EXLCZ)9929091782100041 100 $a20231130d2023 uy 0 101 0 $aeng 135 $aurcnu|||||||| 181 $ctxt$2rdacontent 182 $cc$2rdamedia 183 $acr$2rdacarrier 200 10$aChronicling a Crisis $eSUNY Oneonta's Pandemic Diaries 205 $aFirst edition. 210 1$aAlbany :$cState University of New York Press,$d2023. 210 4$d©2023. 215 $a1 online resource (410 pages) 225 0 $aSUNY Press Open Access Series. 311 08$a9781438495309 311 08$a1438495307 311 08$a9781438495316 311 08$a1438495315 327 $aPart 1. Spring 2020. March -- April -- May -- Part 2. Summer 2020. June -- July -- August -- Part 3. Fall 2020. September -- October -- November -- Part 4. Winter. December -- January -- Part 5. Spring. February -- March -- April -- May and June. 330 $aA primary source collection of the local impact of the COVID pandemic on a college community which both records and reflects upon the nature of daily life during a crisis. 606 $aCOVID-19 Pandemic, 2020-2023$xInfluence 606 $aCommunity and college$zNew York (State)$xSocial conditions 606 $aCollege students$zNew York (State)$xSocial conditions 606 $aCOVID-19$3https://id.nlm.nih.gov/mesh/D000086382 606 $aStudents$3https://id.nlm.nih.gov/mesh/D013334 606 $aSocial Conditions$3https://id.nlm.nih.gov/mesh/D012924 615 0$aCOVID-19 Pandemic, 2020-2023$xInfluence. 615 0$aCommunity and college$xSocial conditions. 615 0$aCollege students$xSocial conditions. 615 2$aCOVID-19. 615 2$aStudents. 615 2$aSocial Conditions. 676 $a378.747 700 $aBeck$b Ed$f1987-$01735516 701 $aChase$b Darren$g(Darren Daniel)$01726144 701 $aHendley$b Matthew$f1966-$01587484 701 $aTraitor$b Ann A.$f1966-$01726145 801 0$bMiAaPQ 801 1$bMiAaPQ 801 2$bMiAaPQ 906 $aBOOK 912 $a9910800125003321 996 $aChronicling a Crisis$94154717 997 $aUNINA